Central Library OPAC University of Rajshahi

The living thoughts of Voltaire / (Record no. 65436)

MARC details
000 -LEADER
fixed length control field 01180cam a22002891 4500
001 - CONTROL NUMBER
control field 65436
003 - CONTROL NUMBER IDENTIFIER
rucl marc code BD-RjUL
005 - DATE AND TIME OF LATEST TRANSACTION
control field 20211209081427.0
008 - FIXED-LENGTH DATA ELEMENTS--GENERAL INFORMATION
fixed length control field 170305r19571956nyuc 000 0 eng
035 ## - SYSTEM CONTROL NUMBER
System control number (BD-RjUL)65566
040 ## - CATALOGING SOURCE
Original cataloging agency DLC
Transcribing agency OKentU
Modifying agency BD-RjUL
Language of cataloging eng
041 1# - LANGUAGE CODE
Language code of text/sound track or separate title eng
Language code of original und
082 ## - DEWEY DECIMAL CLASSIFICATION NUMBER
Classification number 928
Edition number 23
Author mark and year VOL 1957
100 1# - MAIN ENTRY--PERSONAL NAME
Personal name Voltaire,
Dates associated with a name 1694-1778.
9 (RLIN) 193666
245 14 - TITLE STATEMENT
Title The living thoughts of Voltaire /
Statement of responsibility, etc. presented by André Maurois ...
260 ## - PUBLICATION, DISTRIBUTION, ETC. (IMPRINT)
Place of publication, distribution, etc. New York :
Name of publisher, distributor, etc. Longmans, Green and Co.,
Date of publication, distribution, etc. 1956, c1957
300 ## - PHYSICAL DESCRIPTION
Pagination 167 p. :
Illustrations ill. ;
Size 19 cm.
490 0# - SERIES STATEMENT
Series statement The Living thoughts library
500 ## - GENERAL NOTE
General note Text and illustrations on lining-papers.
General note "Translation of the introductory essay by Barrows Mussey; the selection, Lord Chesterfield's ears, is from the Broadway translations by Richard Aldington, published by George Routledge & Sons, London; the woodcut portrait of Voltaire was made by Professor Hans A. Mueller."
General note "First edition."
650 ## - SUBJECT ADDED ENTRY--TOPICAL TERM
Topical term or geographic name as entry element Authors, French
9 (RLIN) 187473
Topical term or geographic name as entry element Dramatists, French
9 (RLIN) 193667
700 1# - ADDED ENTRY--PERSONAL NAME
Personal name Maurois, André,
Dates associated with a name 1885-1967.
830 ## - SERIES ADDED ENTRY--UNIFORM TITLE
Uniform title The Living thoughts library
942 ## - ADDED ENTRY ELEMENTS (KOHA)
Source of classification or shelving scheme Dewey Decimal Classification
Koha item type Books
Holdings
Lost status Source of classification or shelving scheme Damaged status Not for loan Collection code Permanent Location Current Location Shelving location Date acquired Source of acquisition Cost, normal purchase price Total Checkouts Full call number Date last seen Copy number Koha item type
  Dewey Decimal Classification   Not For Loan Non-fiction Central Library, University of Rajshahi Central Library, University of Rajshahi Reading Room 11/09/1990 Sawkat Osman, Dhaka 7.00   928 VOL 1957 06/03/2017 C-1 Books